000
00220 a2200109 4500
020
_a
9786073175647
041
_a
spa
100
_a
Dewdney, Anna
245
_a
LLama LLama aprende a nadar
942
_c
BK
952
_7
4
_x
ok
999
_c
25990
_d
25990